[Event "Titled Tue 26th Aug Early"]
[Site "chess.com INT"]
[Date "2025.08.26"]
[Round "4"]
[White "Donoso Aguirre, Maximiliano"]
[Black "Arslanov, Shamil"]
[Result "1/2-1/2"]
[WhiteTitle "CM"]
[BlackTitle "IM"]
[WhiteElo "1978"]
[BlackElo "2410"]
[WhiteFideId "3458920"]
[BlackFideId "4192826"]
[EventDate "2025.08.26"]

1. e4 e5 2. Nf3 d5 3. exd5 e4 4. Qe2 Nf6 5. d3 Qxd5 6. Nc3 Bb4 7. dxe4 Qxe4 8.
Bd2 Qxe2+ 9. Bxe2 Nc6 10. a3 Bc5 11. O-O Bf5 12. Bg5 O-O-O 13. Na4 Bd6 14. c4
Rde8 15. Rfe1 Ne4 16. Be3 Ne5 17. Nxe5 Bxe5 18. Bf3 a6 19. Rad1 h5 20. b4 f6 21.
Nc5 Nxc5 22. Bxc5 Bc3 23. Re3 Rxe3 24. fxe3 g6 25. Bd4 Bxd4 26. exd4 c6 27. d5
cxd5 28. Bxd5 Re8 29. Kf2 Kc7 30. Bf3 b6 31. Rd5 Rd8 32. Rxd8 Kxd8 33. Ke3 Kc7
34. Kd4 Kd6 35. Bb7 a5 36. c5+ bxc5+ 37. bxc5+ Kc7 38. Bd5 Bd7 39. Bf7 Bf5 40.
g3 Bb1 41. Be8 Bc2 42. Bf7 Bb1 43. Be8 Bc2 44. Bf7 Bb1 1/2-1/2

[Event "Titled Tue 26th Aug Early"]
[Site "chess.com INT"]
[Date "2025.08.26"]
[Round "4"]
[White "Munoz, Francisco Javier"]
[Black "Aarav Sarbalia"]
[Result "1-0"]
[WhiteTitle "FM"]
[BlackTitle "FM"]
[WhiteElo "2389"]
[BlackElo "2232"]
[WhiteFideId "128368"]
[BlackFideId "33382859"]
[EventDate "2025.08.26"]

1. e4 e5 2. Nf3 Nc6 3. Nc3 Nf6 4. Bb5 Bc5 5. O-O d6 6. d3 h6 7. Ne2 O-O 8. c3 d5
9. Ng3 dxe4 10. dxe4 Qxd1 11. Rxd1 Bg4 12. b4 Bd6 13. Bxc6 bxc6 14. a3 a5 15.
Rb1 axb4 16. axb4 c5 17. Be3 cxb4 18. cxb4 Rfb8 19. b5 Bf8 20. Rdc1 Bxf3 21.
gxf3 Rb7 22. Ne2 Rab8 23. Nc3 Ne8 24. f4 exf4 25. Bxf4 Nd6 26. Kg2 g5 27. Bg3
Nxb5 28. Nxb5 Rxb5 29. Rxb5 Rxb5 30. Rxc7 Kg7 31. h4 gxh4 32. Bxh4 Bd6 33. Rd7
Be5 34. Bg3 Bxg3 35. Kxg3 Kg6 36. Rd6+ Kg7 37. f4 Rb4 38. e5 Rb1 39. Rd7 Rg1+
40. Kf2 Rg4 41. Kf3 Rg1 42. e6 Kf8 43. Rxf7+ Ke8 44. f5 h5 45. Kf4 h4 46. Rh7 1-0

[Event "Titled Tue 26th Aug Early"]
[Site "chess.com INT"]
[Date "2025.08.26"]
[Round "4"]
[White "Iunusov, Nuriddin"]
[Black "Tikhonov, Viacheslav"]
[Result "1-0"]
[WhiteTitle "CM"]
[BlackTitle "CM"]
[WhiteElo "2007"]
[BlackElo "2183"]
[WhiteFideId "13803026"]
[BlackFideId "44196407"]
[EventDate "2025.08.26"]

1. e4 c5 2. Nc3 Nc6 3. Nf3 g6 4. g3 Bg7 5. Bg2 e6 6. O-O Nge7 7. d3 O-O 8. Be3
Nd4 9. Qd2 d6 10. Ne1 e5 11. Nd1 f5 12. c3 Ne6 13. f4 exf4 14. gxf4 d5 15. e5 d4
16. Bf2 Rb8 17. c4 Nc6 18. Nc2 Bh6 19. Bg3 Nxe5 20. Bd5 Kh8 21. Qe2 Nf7 22. b4
Re8 23. bxc5 Nxc5 24. Qf3 Be6 25. Nxd4 Bxd5 26. cxd5 Bg7 27. Bf2 a6 28. Rc1 Rc8
29. Rxc5 Rxc5 30. Ne6 Rxe6 31. dxe6 Rc7 32. exf7 Rxf7 33. Re1 Rd7 34. d4 Bxd4
35. Bxd4+ Rxd4 36. Nf2 Rd5 37. Qc3+ Kg8 38. Qc4 b5 39. Qc6 Kg7 40. Qxa6 Rd4 41.
Qxb5 Rxf4 42. Qe5+ Kg8 43. Qxf4 Qa5 44. Qc4+ Kg7 45. Re7+ Kh6 46. Qf4+ Kh5 47.
Rxh7# 1-0

[Event "Titled Tue 26th Aug Early"]
[Site "chess.com INT"]
[Date "2025.08.26"]
[Round "4"]
[White "Tsvetkov, Andrey"]
[Black "Karamsetty, Jeevan"]
[Result "0-1"]
[WhiteTitle "IM"]
[BlackTitle "FM"]
[WhiteElo "2403"]
[BlackElo "2244"]
[WhiteFideId "34139360"]
[BlackFideId "2025337"]
[EventDate "2025.08.26"]

1. d4 d6 2. Nf3 Nf6 3. c4 g6 4. Nc3 Bg7 5. e4 O-O 6. Be2 Nc6 7. d5 Nb8 8. h3 e5
9. Be3 Nbd7 10. g4 Ne8 11. Qc2 c5 12. a3 b6 13. b4 f5 14. gxf5 gxf5 15. exf5 Qf6
16. Bd3 e4 17. Nxe4 Qxa1+ 18. Bc1 Ne5 19. Nxe5 Qxe5 20. f4 Qe7 21. Kd1 Bxf5 22.
Ng5 h6 23. Bxf5 hxg5 24. Be6+ Kh8 25. Qe2 Qf6 26. Bb2 Qg6 27. f5 Qh6 28. Bc1 Nf6
29. h4 Qh7 30. Kc2 g4 31. Bf4 Rfe8 32. Bxd6 Qxf5+ 33. Kb3 Qf3+ 34. Qxf3 gxf3 35.
Rf1 Ne4 36. Bf4 Rf8 37. Be3 Bd4 38. Bh6 Rf6 39. Bg5 Nxg5 40. hxg5 Rf4 41. d6 Rd8
42. d7 Re4 43. Bd5 Re3+ 44. Ka4 a6 45. Bxf3 Bb2 46. bxc5 Rxa3+ 47. Kb4 bxc5+ 48.
Kxc5 Rxd7 49. Bd5 Kg7 50. Rb1 Be5 51. Rb8 Ra5+ 52. Kc6 Bxb8 53. Kxd7 Rc5 54. Ke6
a5 0-1

[Event "Titled Tue 26th Aug Early"]
[Site "chess.com INT"]
[Date "2025.08.26"]
[Round "4"]
[White "Myagmarsuren, Evsuld"]
[Black "Piesik, Piotr"]
[Result "0-1"]
[WhiteTitle "FM"]
[BlackTitle "IM"]
[WhiteElo "2247"]
[BlackElo "2427"]
[WhiteFideId "1551639"]
[BlackFideId "1136194"]
[EventDate "2025.08.26"]

1. e4 g6 2. d4 Bg7 3. Nc3 c6 4. Nf3 d6 5. Bc4 Nf6 6. a4 O-O 7. O-O Nxe4 8. Nxe4
d5 9. Bd3 dxe4 10. Bxe4 Bg4 11. c3 Nd7 12. h3 Bxf3 13. Bxf3 Qb6 14. Re1 e6 15.
a5 Qc7 16. Qc2 b5 17. Qe4 Rac8 18. Bf4 Nf6 19. Bxc7 Nxe4 20. Rxe4 Rxc7 21. b4 a6
22. Rae1 Rd8 23. g3 Rd6 24. Kg2 Kf8 25. h4 Ke7 26. R4e2 Rcd7 27. Be4 Kd8 28. f4
Kc7 29. Kh3 Re7 30. Bc2 Rd8 31. g4 Rde8 32. Kg3 h6 33. g5 Rh8 34. Rh2 Ree8 35.
Reh1 Reg8 36. Kf3 Bf8 37. Kg3 Bd6 38. Kg4 Rh7 39. h5 hxg5 40. hxg6 Rxh2 41. Rxh2
f5+ 42. Kf3 Rxg6 43. Rh7+ Kb8 44. fxg5 Rxg5 45. Bb3 Rg3+ 46. Kf2 Rxc3 47. Bxe6
Bxb4 48. Bxf5 Bxa5 49. Rh8+ Kb7 50. Rh7+ Bc7 51. Be4 Kb6 52. Ke2 a5 53. Rh6 Bf4
54. Rf6 Re3+ 0-1

[Event "Titled Tue 26th Aug Early"]
[Site "chess.com INT"]
[Date "2025.08.26"]
[Round "4"]
[White "Sevig, Mert Can"]
[Black "Sakhayi, Mostafa"]
[Result "1-0"]
[WhiteTitle "CM"]
[BlackTitle "CM"]
[WhiteElo "2143"]
[BlackElo "2166"]
[WhiteFideId "44546335"]
[BlackFideId "12512532"]
[EventDate "2025.08.26"]

1. Nf3 d5 2. g3 Nc6 3. Bg2 e5 4. d3 Nf6 5. O-O Be7 6. Nbd2 O-O 7. e4 d4 8. a4
Be6 9. b3 Nd7 10. Nc4 a6 11. a5 Bb4 12. Bd2 Bxd2 13. Qxd2 f6 14. Nh4 Qe7 15. f4
Qb4 16. Qe2 Bxc4 17. bxc4 Nxa5 18. Qg4 Rf7 19. Nf5 Kh8 20. fxe5 Nxe5 21. Qh3
Nac6 22. Rab1 Qd2 23. Rf2 Qg5 24. Rxb7 Ng4 25. Rf4 Ne3 26. e5 Nxe5 27. Nxe3 dxe3
28. Rb1 Re8 29. Be4 g6 30. Qg2 f5 31. Bd5 Rfe7 32. Re1 Ng4 33. h3 Nf6 34. h4 Qh6
35. Bc6 Rd8 36. Qf3 Ng4 37. Re2 Rd6 38. c5 Rde6 39. Bd5 Re5 40. d4 R5e6 41. Bxe6
Rxe6 42. d5 Re5 43. d6 cxd6 44. cxd6 Qf8 45. Rd4 Qd8 46. d7 Kg7 47. Qc6 Nf6 48.
Qc8 Qb6 49. d8=Q Qb1+ 50. Rd1 1-0

[Event "Titled Tue 26th Aug Early"]
[Site "chess.com INT"]
[Date "2025.08.26"]
[Round "4"]
[White "Arya G Mallar"]
[Black "Silva, Luca"]
[Result "0-1"]
[WhiteTitle "WCM"]
[BlackTitle "FM"]
[WhiteElo "2112"]
[BlackElo "2214"]
[WhiteFideId "25115324"]
[BlackFideId "147370"]
[EventDate "2025.08.26"]

1. d4 f5 2. Nc3 Nf6 3. Bg5 d5 4. Bxf6 exf6 5. e3 Be6 6. Bd3 Qd7 7. Nge2 Nc6 8.
Qd2 O-O-O 9. O-O-O Kb8 10. Nf4 Bf7 11. h4 g6 12. Qe2 Ne7 13. Kb1 Nc8 14. Qf3 c6
15. Qe2 Nd6 16. Na4 Ne4 17. Rhg1 Bd6 18. f3 Bxf4 19. fxe4 dxe4 20. exf4 exd3 21.
Qxd3 Rhe8 22. Nc5 Qd5 23. Qa3 Re2 24. b3 Rxg2 25. Qb4 b6 26. Na6+ Kb7 27. Rxg2
Qxg2 28. Qe7+ Kxa6 29. Qxd8 Bd5 30. Qc8+ Ka5 31. Qb7 Kb4 32. Kb2 Be4 33. Rc1 Qd2
34. Qe7+ c5 35. dxc5 Qc3+ 36. Kb1 Qxc5 37. Qxc5+ Kxc5 38. Rd1 h6 39. Rd7 a5 40.
Rg7 g5 41. hxg5 fxg5 42. fxg5 hxg5 43. Rxg5 b5 44. a3 b4 45. axb4+ axb4 46. Kc1
Kd4 47. Kd2 f4 48. Rb5 f3 49. Rxb4+ Ke5 50. Ke1 Bxc2 51. Kf2 Be4 52. Rc4 Bd5 53.
Rc3 Kd4 0-1

[Event "Titled Tue 26th Aug Early"]
[Site "chess.com INT"]
[Date "2025.08.26"]
[Round "4"]
[White "Altun, Arda"]
[Black "Preobrazhenskaya, Diana"]
[Result "1/2-1/2"]
[WhiteTitle "FM"]
[BlackTitle "WFM"]
[WhiteElo "2104"]
[BlackElo "2140"]
[WhiteFideId "34511580"]
[BlackFideId "34270566"]
[EventDate "2025.08.26"]

1. e4 e5 2. Nf3 Nc6 3. Bb5 a6 4. Bxc6 dxc6 5. O-O Bg4 6. h3 h5 7. d3 Qf6 8. Be3
Bxf3 9. Qxf3 Qxf3 10. gxf3 O-O-O 11. Nd2 Be7 12. Rfb1 g5 13. b4 Nf6 14. Kf1 g4
15. hxg4 hxg4 16. f4 exf4 17. Bxf4 Nh5 18. Be5 f6 19. Bh2 Rdg8 20. Kg2 Bd6 21.
Bxd6 cxd6 22. a4 Nf4+ 23. Kg3 Ne2+ 24. Kg2 g3 25. Rh1 Rxh1 26. Rxh1 Nd4 27. fxg3
Nxc2 28. b5 axb5 29. axb5 Nb4 30. bxc6 bxc6 31. Ra1 Kc7 32. Ra7+ Kb6 33. Rd7 d5
34. Rd6 Kc5 35. Rxf6 Nxd3 36. exd5 cxd5 37. Kf3 Ne1+ 38. Kf4 Nd3+ 39. Kf3 Ne5+
40. Kg2 Nd7 41. Rf7 Ne5 42. Re7 Nd3 43. Kf3 Kd4 44. g4 Ne5+ 45. Kf4 Nxg4 46.
Nf3+ Kc5 47. Ne5 Nf2 48. Rc7+ Kd4 49. Nc6+ Kd3 50. Ne5+ Kd2 51. Rd7 Nd3+ 52.
Nxd3 Kxd3 53. Rxd5+ Kc4 54. Re5 Rf8+ 55. Rf5 Rxf5+ 56. Kxf5 1/2-1/2

[Event "Titled Tue 26th Aug Early"]
[Site "chess.com INT"]
[Date "2025.08.26"]
[Round "4"]
[White "Poleg, Matan"]
[Black "Bahmani, Koorosh"]
[Result "1/2-1/2"]
[WhiteTitle "FM"]
[BlackTitle "CM"]
[WhiteElo "2277"]
[BlackElo "2205"]
[WhiteFideId "2811472"]
[BlackFideId "42576750"]
[EventDate "2025.08.26"]

1. d4 d5 2. c4 c6 3. Nf3 Nf6 4. e3 Bg4 5. cxd5 cxd5 6. Qb3 Bxf3 7. Qxb7 Nbd7 8.
gxf3 e6 9. Nc3 Be7 10. f4 O-O 11. Qb3 g6 12. Be2 Rb8 13. Qc2 Bb4 14. Bd2 Rc8 15.
Bd3 Nb6 16. a3 Bxc3 17. Bxc3 Nc4 18. b3 Nd6 19. f3 Nh5 20. Rc1 Nf5 21. Qf2 Qe7
22. b4 Nd6 23. O-O Nc4 24. Bxc4 Rxc4 25. Bb2 Rfc8 26. Rxc4 dxc4 27. Bc3 Ng7 28.
e4 Qd6 29. Qe3 Nh5 30. f5 Qf4 31. Qxf4 Nxf4 32. Re1 exf5 33. exf5 Nd5 34. Rc1
gxf5 35. Kf2 Kg7 36. a4 a6 37. b5 axb5 38. axb5 Rb8 39. Bd2 Rc8 40. Ke2 c3 41.
Be1 Kf6 42. Kd3 Nb4+ 43. Ke2 Nd5 44. Kd3 Nf4+ 45. Ke3 Nd5+ 46. Kd3 1/2-1/2

[Event "Titled Tue 26th Aug Early"]
[Site "chess.com INT"]
[Date "2025.08.26"]
[Round "4"]
[White "Papasimakopoulos, Alexandros"]
[Black "Mohmad Bashiq Imrose"]
[Result "1-0"]
[WhiteTitle "IM"]
[BlackTitle "CM"]
[WhiteElo "2361"]
[BlackElo "2120"]
[WhiteFideId "4244125"]
[BlackFideId "25654489"]
[EventDate "2025.08.26"]

1. d4 d5 2. c4 e6 3. Nc3 Nf6 4. cxd5 exd5 5. Bg5 c6 6. e3 Be7 7. Bd3 h6 8. Bh4
O-O 9. Qc2 Ne8 10. Bxe7 Qxe7 11. Nf3 Nd6 12. O-O Be6 13. Rab1 a5 14. Na4 Nd7 15.
Nc5 Bg4 16. Nxd7 Bxf3 17. gxf3 Qxd7 18. Kh1 Qh3 19. Qe2 Rae8 20. Rg1 Nf5 21. Rg4
h5 22. Rf4 Nh4 23. Rg1 Ng6 24. Rf5 Re6 25. Rg3 Qh4 26. Qf1 Rfe8 27. Rh3 Qe7 28.
Rfxh5 f5 29. Bxf5 Rf6 30. f4 Qf7 31. Bxg6 Qxg6 32. Rh8+ Kf7 33. Rxe8 Kxe8 34.
Rg3 Qe4+ 35. Kg1 Kf7 36. h3 Rh6 37. Kh2 Qf5 38. Qg2 g6 39. Rg5 Qc2 40. Qf3 Qxb2
41. f5 gxf5 42. Qxf5+ Ke8 43. Qc8+ Kf7 44. Qd7+ Kf6 45. Qg7+ Ke6 46. Re5+ Kd6
47. Qe7# 1-0

[Event "Titled Tue 26th Aug Early"]
[Site "chess.com INT"]
[Date "2025.08.26"]
[Round "4"]
[White "Brown, Akeem"]
[Black "Izafatava, Kira"]
[Result "1-0"]
[WhiteTitle "CM"]
[BlackTitle "WCM"]
[WhiteElo "2063"]
[BlackElo "1945"]
[WhiteFideId "7402023"]
[BlackFideId "13521705"]
[EventDate "2025.08.26"]

1. d4 d5 2. Nc3 Nf6 3. Bf4 e6 4. Nb5 Bb4+ 5. c3 Ba5 6. b4 Bb6 7. a4 a6 8. a5
axb5 9. axb6 Rxa1 10. Qxa1 Na6 11. bxc7 Nxc7 12. Qa5 Na6 13. Qxb5+ Qd7 14. e3
Ne4 15. Qxd7+ Bxd7 16. Bxa6 bxa6 17. Ne2 Bb5 18. f3 Bxe2 19. fxe4 Bc4 20. exd5
exd5 21. Kd2 Kd7 22. Ra1 f5 23. Ra5 g6 24. Ke1 Bb5 25. Kf2 Rc8 26. Ra3 h5 27.
Kf3 Ke6 28. Be5 Rc4 29. Kf4 Kf7 30. Bd6 Rc6 31. Ke5 Bc4 32. Ra5 Rc8 33. Kf4 Ke6
34. Be5 Rc6 35. Kg5 Kf7 36. Kh6 Bb5 37. Ra3 Rc8 38. Kg5 Rc6 39. Kf4 Ke6 40. h3
Kf7 41. g4 hxg4 42. hxg4 fxg4 43. Kxg4 Rc8 44. Bd6 Rh8 45. Ra2 Rh1 46. Rf2+ Ke6
47. Be5 Rg1+ 48. Kh4 Rc1 49. Rf6+ Ke7 50. Rxg6 Rxc3 51. Bf4 Rd3 52. Kg5 Bc4 53.
Rb6 Rb3 54. Kf5 Kd7 55. Ke5 Kc8 56. Kd6 Rb2 57. Kc6 Kd8 58. Bd6 Ke8 59. Rb7 a5
60. bxa5 Rxb7 61. Kxb7 Kd7 62. Bf4 Bb5 63. a6 Bc6+ 64. Kb8 Ke6 65. a7 1-0

[Event "Titled Tue 26th Aug Early"]
[Site "chess.com INT"]
[Date "2025.08.26"]
[Round "4"]
[White "Bluebaum, Matthias"]
[Black "Ambartsumian, Tyhran"]
[Result "1-0"]
[WhiteTitle "GM"]
[BlackTitle "CM"]
[WhiteElo "2660"]
[BlackElo "2244"]
[WhiteFideId "24651516"]
[BlackFideId "34161112"]
[EventDate "2025.08.26"]

1. d4 Nf6 2. c4 e6 3. Nc3 Bb4 4. e3 O-O 5. Bd2 c5 6. a3 Bxc3 7. Bxc3 Ne4 8. Ne2
b6 9. d5 exd5 10. Qxd5 Nxc3 11. Nxc3 Nc6 12. Rd1 Re8 13. Be2 Rb8 14. O-O Ne5 15.
f4 Bb7 16. Qd2 Ng6 17. Bf3 Bxf3 18. Rxf3 Nh4 19. Rh3 Nf5 20. Qd3 g6 21. Nd5 d6
22. Qc3 Re6 23. g4 Ng7 24. g5 Qd7 25. e4 Rbe8 26. Rd2 Qc8 27. Nf6+ Rxf6 28. gxf6
Nh5 29. Qf3 Nxf6 30. e5 dxe5 31. fxe5 Ng4 32. Re2 Nxe5 33. Qc3 Qg4+ 34. Kf1 f6
35. Rg3 Qf5+ 36. Kg2 Rd8 37. Qe3 Rd4 38. b3 Kg7 39. Rf2 Qd7 40. h3 Qc6+ 41. Kh2
Qd7 42. Qe2 Qd6 43. Qe3 Rd3 44. Qf4 g5 45. Rxd3 Qxd3 46. Qxf6+ 1-0

[Event "Titled Tue 26th Aug Early"]
[Site "chess.com INT"]
[Date "2025.08.26"]
[Round "4"]
[White "Swayham, P Das"]
[Black "Nedelcu, Teodor-Cosmin"]
[Result "1-0"]
[WhiteTitle "CM"]
[BlackTitle "FM"]
[WhiteElo "2047"]
[BlackElo "2281"]
[WhiteFideId "25611402"]
[BlackFideId "1246305"]
[EventDate "2025.08.26"]

1. c4 c5 2. Nc3 Nc6 3. Nf3 e5 4. g3 g6 5. Bg2 Bg7 6. d3 Nge7 7. Be3 d6 8. Qd2
Nf5 9. Bg5 f6 10. Be3 O-O 11. h4 h5 12. O-O-O Kh7 13. Kb1 Nxe3 14. fxe3 Bh6 15.
Rdf1 Nd4 16. Nd1 Nf5 17. Rh3 Qe7 18. Ne1 Be6 19. Nc2 Nd4 20. Rhh1 Bg4 21. Bf3
Bf5 22. Qc3 Nxc2 23. Qxc2 Rae8 24. e4 Bd7 25. Rhg1 b5 26. g4 hxg4 27. Bxg4 Bxg4
28. Rxg4 b4 29. Rfg1 Rg8 30. Qa4 Qb7 31. R1g3 Ref8 32. Nf2 Bf4 33. Rg2 a6 34.
Nh3 Bh6 35. Ng5+ fxg5 36. hxg5 Rf1+ 37. Kc2 Bf8 38. Rh2+ Kg7 39. Rgh4 Kf7 40.
Rh7+ Rg7 41. Rh8 Ke6 42. Qe8+ Be7 43. R2h6 Rff7 44. Rg8 Rxg8 45. Qxg8 Bxg5 46.
Rxg6+ Bf6 47. Qe8+ Qe7 48. Qc8+ Qd7 49. Qg8 Qd8 50. Qxd8 1-0

[Event "Titled Tue 26th Aug Early"]
[Site "chess.com INT"]
[Date "2025.08.26"]
[Round "4"]
[White "Maghsoodloo, Parham"]
[Black "Szpar, Milosz"]
[Result "1-0"]
[WhiteTitle "GM"]
[BlackTitle "GM"]
[WhiteElo "2695"]
[BlackElo "2490"]
[WhiteFideId "12539929"]
[BlackFideId "1184989"]
[EventDate "2025.08.26"]

1. c4 e6 2. Nc3 d5 3. d4 Be7 4. cxd5 exd5 5. Bf4 c6 6. e3 Bf5 7. h3 Nd7 8. g4
Bg6 9. Nf3 Qb6 10. Qb3 Ngf6 11. Nd2 O-O 12. Be2 Rfe8 13. h4 Qxb3 14. axb3 h6 15.
h5 Bh7 16. f3 Nf8 17. Kf2 Ne6 18. Be5 Nd7 19. Bg3 Nf6 20. Ra4 a6 21. Rha1 Rac8
22. b4 Nd7 23. Na2 Nb6 24. Ra3 Nc7 25. Bd3 Nb5 26. Bxh7+ Kxh7 27. Rd3 Nd6 28.
Nb3 Ndc4 29. Rb1 Na4 30. Nc5 Naxb2 31. Rb3 b6 32. Nxa6 Na4 33. b5 Nd2 34. Nc7
Nxb1 35. Rxb1 Red8 36. bxc6 Bd6 37. Bxd6 Rxd6 38. Nb5 Rdxc6 39. Nb4 Nc3 40. Rb3
Nd1+ 41. Kg3 Rc1 42. Nxd5 R8c2 43. Nd6 Rb2 44. Ra3 Rd2 45. Ra8 Nc3 46. Nxf7 Ne2+
47. Kh3 1-0

[Event "Titled Tue 26th Aug Early"]
[Site "chess.com INT"]
[Date "2025.08.26"]
[Round "4"]
[White "Pribelszky, Bence"]
[Black "Korchynskyi, Mykola"]
[Result "1/2-1/2"]
[WhiteTitle "IM"]
[BlackTitle "FM"]
[WhiteElo "2428"]
[BlackElo "2359"]
[WhiteFideId "769738"]
[BlackFideId "34138005"]
[EventDate "2025.08.26"]

1. d4 Nf6 2. Nf3 d5 3. Bg5 Bf5 4. c4 e6 5. Qb3 Nc6 6. cxd5 Qxd5 7. Qxd5 Nxd5 8.
a3 h6 9. Bd2 g5 10. Nc3 Bg7 11. e3 O-O 12. Rc1 Nce7 13. Bc4 Rac8 14. b4 Nxc3 15.
Bxc3 Rfd8 16. Ke2 Nd5 17. Bb2 Nb6 18. Bb3 Be4 19. Rhg1 c6 20. Nd2 Bg6 21. Bc2
Bxc2 22. Rxc2 Nd5 23. Rgc1 a6 24. Ne4 Bf8 25. Nc5 Bxc5 26. dxc5 f5 27. Be5 Kf7
28. f3 Nf6 29. h3 Rd5 30. Bd6 Rd8 31. g4 Rd7 32. Rh1 Kg6 33. Rh2 h5 34. gxf5+
exf5 35. Rg2 g4 36. hxg4 hxg4 37. e4 fxe4 38. fxe4 Nxe4 39. Rxg4+ Ng5 40. Rc3
Kh5 41. Rcg3 Nf7 42. Bf4 Re7+ 43. Kf2 Rf5 44. Kg2 Re2+ 45. Kh3 Rxf4 46. Rxf4
Ng5+ 47. Rxg5+ Kxg5 48. Rf7 Re3+ 49. Kg2 Rxa3 50. Rxb7 Rb3 51. Rb6 Kf5 52. Rxa6
Rxb4 53. Rxc6 Ke5 54. Rd6 Rc4 55. Rh6 Kd5 56. c6 Rxc6 57. Rxc6 Kxc6 1/2-1/2

[Event "Titled Tue 26th Aug Early"]
[Site "chess.com INT"]
[Date "2025.08.26"]
[Round "4"]
[White "Gubajdullin, Alexei"]
[Black "Livaic, Leon"]
[Result "0-1"]
[WhiteTitle "FM"]
[BlackTitle "GM"]
[WhiteElo "2228"]
[BlackElo "2550"]
[WhiteFideId "4141202"]
[BlackFideId "14531534"]
[EventDate "2025.08.26"]

1. Nf3 d6 2. g3 e6 3. Bg2 g6 4. O-O Bg7 5. d3 Ne7 6. e4 c5 7. Nbd2 Nbc6 8. Re1
O-O 9. h4 h6 10. Nc4 b5 11. Ne3 e5 12. h5 g5 13. Nh2 Rb8 14. Bf3 Nd4 15. Bg4 f5
16. exf5 Nexf5 17. c3 Nxe3 18. Bxe3 Bxg4 19. Qxg4 Nc2 20. a4 Qc8 21. Qe4 Qb7 22.
Qg6 Rf6 23. Qe4 Qxe4 24. dxe4 bxa4 25. Ng4 Rf7 26. Red1 Nxa1 27. Rxa1 Rxb2 28.
Rxa4 Rb3 29. Bd2 Rfb7 30. Ra6 R3b6 31. Ra5 Kf7 32. Ne3 Ke6 33. Nc4 Rc6 34. Kg2
Bf8 35. Kf3 a6 36. Kg4 d5 37. exd5+ Kxd5 38. Ne3+ Ke4 39. Ra2 c4 40. Bc1 Bc5 41.
Rd2 Rf7 42. f3+ Rxf3 43. Nxc4 Rxc3 44. Na5 Be3 45. Ra2 Rxc1 46. Nxc6 Rxc6 47.
Ra4+ Bd4 48. Ra2 Kd3 49. Kf5 e4 50. Ra3+ Bc3 51. Ra2 e3 52. Kg4 e2 53. Ra4 e1=Q
54. Kf5 Qe6# 0-1

[Event "Titled Tue 26th Aug Early"]
[Site "chess.com INT"]
[Date "2025.08.26"]
[Round "4"]
[White "Vasquez Schroeder, Rodrigo"]
[Black "Punin, Andrii"]
[Result "1-0"]
[WhiteTitle "GM"]
[BlackTitle "FM"]
[WhiteElo "2446"]
[BlackElo "2289"]
[WhiteFideId "3400042"]
[BlackFideId "14112639"]
[EventDate "2025.08.26"]

1. e4 d5 2. exd5 Qxd5 3. Nc3 Qa5 4. g3 c6 5. Bg2 Nf6 6. h3 g6 7. Nf3 Bg7 8. O-O
O-O 9. Re1 Qd8 10. d4 Nd5 11. Ne4 b5 12. Nc5 Nd7 13. Nd3 a5 14. c3 a4 15. Bd2
Bb7 16. Qe2 e6 17. b4 N5b6 18. Bg5 Bf6 19. Bxf6 Qxf6 20. Nfe5 Nxe5 21. dxe5 Qe7
22. Nc5 Nd5 23. Rac1 Ba6 24. a3 Rfd8 25. Kh2 h5 26. h4 Qf8 27. Red1 Qh6 28. Rc2
Kg7 29. Be4 Bc8 30. Qf3 Kg8 31. c4 bxc4 32. Rxc4 Ba6 33. Rcd4 Bb5 34. Bb1 Ra7
35. Ne4 Rf8 36. Ba2 Qg7 37. Nf6+ Nxf6 38. exf6 Qh6 39. Rd8 Ra8 40. R8d6 Rae8 41.
Qc3 Kh8 42. Bc4 Bxc4 43. Qxc4 Rg8 44. f4 Rc8 45. Rd7 Rgf8 46. Re7 Kg8 47. Rdd7
Qh8 48. Qd4 Rce8 49. Kg2 Rc8 50. Qe5 Rce8 51. Kf3 Rc8 52. Rc7 Rxc7 53. Rxc7 Rd8
54. Rxc6 Qh6 55. Rc3 Qf8 56. Ke2 Qe8 57. Rd3 Rxd3 58. Kxd3 Qd7+ 59. Qd4 Qb5+ 60.
Ke3 Qf1 61. Qd3 Qe1+ 62. Kd4 Qf2+ 63. Ke5 Qe1+ 64. Kd6 Qa1 65. b5 Qxf6 66. Kc5 1-0

[Event "Titled Tue 26th Aug Early"]
[Site "chess.com INT"]
[Date "2025.08.26"]
[Round "4"]
[White "Janukshan, B"]
[Black "Daulet, Alikhan"]
[Result "0-1"]
[WhiteTitle "CM"]
[BlackTitle "CM"]
[WhiteElo "1944"]
[BlackElo "2158"]
[WhiteFideId "29945399"]
[BlackFideId "13741632"]
[EventDate "2025.08.26"]

1. Nf3 d5 2. b3 Nf6 3. Bb2 Bf5 4. e3 e6 5. Be2 h6 6. O-O Be7 7. c4 c6 8. Nc3 O-O
9. d3 Nbd7 10. Qd2 Bh7 11. Rfd1 a5 12. e4 dxe4 13. dxe4 e5 14. Qe3 Bc5 15. Qc1
Qb6 16. Rf1 Qc7 17. Bd3 Rfd8 18. Qc2 Nh5 19. g3 Nhf6 20. Na4 Be7 21. Rfd1 Kh8
22. c5 Ng8 23. Qc4 f6 24. Rac1 Nf8 25. Nb6 Rab8 26. a4 Bg6 27. Bc3 Bh5 28. Kg2
Nd7 29. Bxa5 Nxc5 30. Be2 Rxd1 31. Rxd1 Rd8 32. Rxd8 Qxd8 33. b4 Na6 34. Qc3
Bxb4 35. Bxb4 Qxb6 36. Bxa6 Qxa6 37. a5 Qe2 38. Nd2 Bg6 39. Qf3 Qb5 40. Qc3 h5
41. h4 Nh6 42. Kf3 Ng4 43. Qc4 Qa4 44. Qb3 Qa1 45. Bc3 Qh1+ 46. Ke2 Bxe4 47.
Qxb7 Qg2 48. Qc8+ Kh7 49. Nxe4 Qxe4+ 50. Kd2 Nxf2 51. Kc1 Qc4 0-1

[Event "Titled Tue 26th Aug Early"]
[Site "chess.com INT"]
[Date "2025.08.26"]
[Round "4"]
[White "Jasinski, Alexander"]
[Black "Ganiev, Artur"]
[Result "1/2-1/2"]
[WhiteElo "2063"]
[BlackElo "2247"]
[WhiteFideId "55627994"]
[BlackFideId "34391550"]
[EventDate "2025.08.26"]

1. e4 e5 2. Nf3 Nc6 3. Bb5 a6 4. Ba4 Nge7 5. Nc3 d6 6. O-O Bd7 7. d4 Ng6 8. Bg5
Be7 9. Bxe7 Qxe7 10. dxe5 Ncxe5 11. Nxe5 Nxe5 12. Nd5 Qd8 13. Bxd7+ Nxd7 14. f4
O-O 15. Qd4 Re8 16. Rae1 Nc5 17. b4 Ne6 18. Qf2 c6 19. Ne3 a5 20. a3 axb4 21.
axb4 f6 22. c3 Kh8 23. Qh4 Nf8 24. Nf5 g6 25. Nh6 Qe7 26. Ng4 Nd7 27. Re3 Rf8
28. e5 g5 29. fxg5 fxe5 30. Nf6 Nxf6 31. gxf6 Qf7 32. Rg3 Rg8 33. h3 Rxg3 34.
Qxg3 Rg8 35. Qf3 Rg6 36. Kh1 Rg8 37. Rf2 d5 38. Qf5 Re8 39. Rf3 e4 40. Rg3 Rg8
41. Re3 Rg6 42. Qc8+ Rg8 43. Qf5 Rf8 44. Rg3 Qxf6 45. Qg4 Qf1+ 46. Kh2 Qf6 47.
b5 cxb5 48. Qd7 Rg8 49. Rxg8+ Kxg8 50. Qxd5+ Kf8 51. Qxe4 Qd6+ 52. Kh1 Qd1+ 53.
Kh2 Qd6+ 54. Kh1 Qd1+ 55. Kh2 Qd6+ 1/2-1/2